000 00212 a2200097 4500
001 41013
100 _aZain ul Abdeen
245 _aBian ul Lessaan
260 _aKarachi
_bDar ul Ishaat
_c
090 _c25248
_d25248
942 _aNUST-CAE
_cM
_c16945
999 _c276086
_d276086